Logo BPK

Biblioteka

Politechniki Koszalińskiej

Problemy ochrony i renaturalizacji dolin dużych rzek Europy : (Rekord nr 36953)

Szczegóły MARC
000 -ETYKIETA REKORDU
podpole kontrolne o stałej długości 01458nam a2200277 i 4500
001 - NUMER KONTROLNY REKORDU
pole kontrolne bg
020 ## - MIĘDZYNARODOWY ZNORMALIZOWANY NUMER KSIĄŻKI - ISBN
ISBN 8322714378
040 ## - ŹRÓDŁO KATALOGOWANIA
Instytucja, która utworzyła rekord BPK
041 1# - KOD JĘZYKA
Kod języka tekstu plen
Kod języka streszczenia lub abstraktu en
080 ## - UNIWERSALNA KLASYFIKACJA DZIESIĘTNA - UKD
UKD 551.43:556.5:504](438)(061)
920 ## - Międzynarodowy znormalizowany numer książki – ISBN
ISBN 83-227-1437-8
008 - POLE O STAŁEJ DŁUGOŚCI - DANE KONTROLNE
podpole kontrolne o stałej długości s pl f |000 0 pol
245 00 - TYTUŁ/ODPOWIEDZIALNOŚĆ
Tytuł Problemy ochrony i renaturalizacji dolin dużych rzek Europy :
Ciąg dalszy tytułu międzynarodowa konferencja z okazji 20-lecia Kazimierskiego Parku Krajobrazowego, Kazimierz Dolny, 1-4 września 1999 r. : materiały konferencji /
Pozostałe elementy strefy tytułu i oznaczenia odpowiedzialności pod red. Marka Kucharczyka ; Lubelski Urząd Wojewódzki, Uniwersytet Marii Curie-Skłodowskiej w Lublinie, Zarząd Zespołu Lubelskich Parków Krajobrazowych.
260 ## - STREFA ADRESU WYDAWNICZEGO
Miejsce wydania Lublin :
Nazwa wydawcy/dystrybutora Wydaw. UMCS,
Data publikacji, dystrybucji/powstania dokumentu 1999.
300 ## - STREFA OPISU FIZYCZNEGO
Objętość 235 s. :
Inne cechy fizyczne il., mapy ;
Rozmiary 24 cm.
500 ## - UWAGI OGÓLNE
Tekst uwagi Tyt. równol. : Problems of the protection and re-naturalisation of the valleys of big European rivers : International Conference - the 20th Anniversary of the Kazimierz Landscape Park, Kazimierz Dolny, 1-4 September 1999. - Tekst częśc. ang. - Streszcz. ang. przy pracach.
504 ## - UWAGA DOTYCZĄCA BIBLIOGRAFII
Informacje o bibliografii Bibliogr. przy pracach.
650 #9 - HASŁO PRZEDMIOTOWE W FORMIE NAZWY OGÓLNEJ LUB JEDNOSTKOWEJ
Nazwa ogólna lub geograficzna Doliny
Określnik ogólny higiena i ochrona
Określnik geograficzny Polska
650 #9 - HASŁO PRZEDMIOTOWE W FORMIE NAZWY OGÓLNEJ LUB JEDNOSTKOWEJ
Nazwa ogólna lub geograficzna Rzeki
Określnik ogólny higiena i ochrona
Określnik geograficzny Polska
655 ## - TERMIN INDEKSOWY - OKREŚLENIE RODZAJU/FORMY DOKUMENTU
Określenie rodzaju/formy dokumentu Materiały konferencyjne
700 1# - HASŁO DODATKOWE - NAZWA OSOBOWA
Nazwa osobowa KUCHARCZYK, Marek.
Określenie związku między hasłem a opisywanym materiałem Red.
710 #0 - HASŁO DODATKOWE - NAZWA CIAŁA ZBIOROWEGO
Nazwa ciała zbiorowego lub jednostki geograficznej Urząd Wojewódzki (Lublin)
710 #0 - HASŁO DODATKOWE - NAZWA CIAŁA ZBIOROWEGO
Nazwa ciała zbiorowego lub jednostki geograficznej Uniwersytet Marii Curie-Skłodowskiej (Lublin)
710 #0 - HASŁO DODATKOWE - NAZWA CIAŁA ZBIOROWEGO
Nazwa ciała zbiorowego lub jednostki geograficznej Zespół Lubelskich Parków Krajobrazowych
Nazwa jednostki podrzędnej Zarząd
856 ## - LOKALIZACJA I DOSTĘP DO ELEKTRONICZNYCH DOKUMENTÓW ZDALNYCH
Link (URL) http://koha.tu.koszalin.pl/cgi-bin/koha/opac-detail.pl?biblionumber=36953
Tekst linku Katalog online BPK
942 ## - DODATKOWE ELEMENTY (KOHA)
Typ dokumentu Książka
Egzemplarze
Wycofany Status egzemplarza Uszkodzony Dostępność Lokalizacja stała Lokalizacja bieżąca Miejsce przechowywania Sygnatura Kod kreskowy Dział Typ dokumentu Status: wypożyczony
      Tylko na miejscu Biblioteka Politechniki Koszalińskiej Biblioteka Politechniki Koszalińskiej Czytelnia BG 52471 01486834 502.51 Środowisko hydrosfery Książka  
      Dostępny Biblioteka Politechniki Koszalińskiej Biblioteka Politechniki Koszalińskiej Wypożyczalnia BG 52472 01486827   Książka  
      Dostępny Biblioteka Politechniki Koszalińskiej Biblioteka Politechniki Koszalińskiej Wypożyczalnia BG 52473 01486810   Książka 03.11.2026
© 2023 Biblioteka Politechniki Koszalińskiej :: KOHA